LIBRARY & INFORMATION CENTRE, KCAET, TAVANUR

ONLINE PUBLIC ACCESS CATALOGUE (OPAC)

Elementary applied mechanics (Record no. 1559)

MARC details
000 -LEADER
fixed length control field 00415cam a2200181ua 4500
041 ## - LANGUAGE CODE
Language code of text/sound track or separate title eng
082 ## - DEWEY DECIMAL CLASSIFICATION NUMBER
Classification number 620.1
Item number MOR/EL
100 ## - MAIN ENTRY--AUTHOR NAME
Personal name Morley, Abraham .
245 ## - TITLE STATEMENT
Title Elementary applied mechanics
260 ## - PUBLICATION, DISTRIBUTION, ETC. (IMPRINT)
Place of publication London :
Name of publisher Longman ,
Year of publication 1961.
300 ## - PHYSICAL DESCRIPTION
Number of Pages 382 ; .
700 1# - ADDED ENTRY--PERSONAL NAME
Personal name Inchelly, William .
942 ## - ADDED ENTRY ELEMENTS (KOHA)
Koha item type Books
Holdings
Withdrawn status Lost status Damaged status Home library Current library Date acquired Full call number Accession Number Koha item type
      KAUAET KAUAET 07/04/2012 620.1 10713 Books
free website counter